| 000 | 01130cam a22003137a 4500 | ||
|---|---|---|---|
| 003 | CHAP | ||
| 005 | 20220329133950.0 | ||
| 008 | 971013s1975 r 00010 d | ||
| 010 | _a13353 | ||
| 011 | _a14325 | ||
| 035 | _a18398 | ||
| 040 | _cCHAP | ||
| 082 |
_a574.5072 _bG6 |
||
| 100 | 0 | 0 |
_aGómez Pompa, Arturo. _949864 |
| 245 | 0 |
_aIndice de proyectos en desarrollo en ecología tropical _c/ por Arturo Gómez Pompa |
|
| 260 |
_aMéxico, D.F. : _bConsejo Nacional de Ciencia y Tecnología. Programa de Ecología Tropical, _c1975. |
||
| 300 | _av. | ||
| 500 | _aLa biblioteca tiene: v.1, v.2 | ||
| 590 |
_aBATCH-UPD _b10 _c20130110 _lUCH01 _h2043 |
||
| 590 |
_aBATCH-UPD _b10 _c20130410 _lUCH01 _h1357 |
||
| 590 |
_aBATCH-UPD _b10 _c20130914 _lUCH01 _h1227 |
||
| 590 |
_aCONVERSION _b10 _c20130109 _lUCH01 _h1309 |
||
| 650 | 1 | 4 |
_aEcología _xInvestigación. _935146 |
| 901 | _aBK | ||
| 942 | _cLIBRO | ||
| 949 |
_a574.5072 G6 _bBC _cC _d33724000494738 _eC _fv.1 _h36048 _i18398 _si |
||
| 949 |
_a574.5072 G6 _bBC _cC _d33724000494845 _eC _fv.2 _h42903 _i18398 _si |
||
| 949 |
_a574.5072 G6 _bBC _cC _d33724000494886 _eC _fv.1 c.2 _h41357 _i18398 _si |
||
| 999 |
_c13353 _d13353 |
||